| 000 | 00816nam a2200229Ia 4500 | ||
|---|---|---|---|
| 001 | 7324 | ||
| 003 | GE_BSU | ||
| 008 | 181216s||||||||xx |||||||||||||| ||und|| | ||
| 020 | _a9789941211218 | ||
| 040 | _cGE_BSU | ||
| 080 | _a821.353.1.092+37-36(479.22) | ||
| 245 | _aწმინდა ილია მართალი. | ||
| 245 | _cშემდგ.: სოფიო თავაძე; პროექტის რედ.: თამარ მამაცაშვილი. | ||
| 250 | _aსაქართველოს იმედი წ. 18. ISSN: 22980547. | ||
| 260 | _aთბილისი. | ||
| 260 | _bპალიტრა L. | ||
| 260 | _c2013. | ||
| 300 | _a207 გვ.; 20 სმ. | ||
| 541 | _h3 ლ. | ||
| 653 | _aწმინდა ილია მართალი. | ||
| 942 | _cBK | ||
| 999 |
_c40689 _d40689 |
||